| 000 | 00571nam a2200193 a 4500 | ||
|---|---|---|---|
| 005 | 20230315063843.0 | ||
| 008 | 991125s1986 es 000 0 spa u | ||
| 035 | _aUPN01000018770 | ||
| 049 | _aCG | ||
| 050 | 4 |
_aLB1027.5 _bI8.3 1986 |
|
| 100 | 1 | _aIturbe, T. | |
| 245 | 1 | 3 |
_aEl departamento de orientación en un centro escolar / _cT. Iturbe, L. del Carmen. |
| 250 | _a4a ed. | ||
| 260 |
_aMadrid : _bNarcea, _c1986. |
||
| 300 |
_a192 p. : _bil. |
||
| 650 | 4 |
_aOrientación vocacional _95 |
|
| 700 | 1 |
_aCarmen Martín, Luis Miguel del, _ecoaut. _937368 |
|
| 905 | _aLibro | ||
| 999 |
_c18770 _d18770 |
||